[Event "US op 123nd"]
[Site "Grand Rapids"]
[Date "2023.07.30"]
[Round "2"]
[White "Campbell, Joshua Arden"]
[Black "Neal Ii, James A"]
[Result "0-1"]
[WhiteElo "1788"]
[BlackElo "2010"]
[PlyCount "82"]
[EventDate "2023.07.29"]
[EventType "swiss"]
[EventRounds "9"]
[EventCountry "USA"]
[SourceTitle "CBM 215 Extra"]
[Source "ChessBase"]
[SourceDate "2023.09.30"]
[SourceVersion "1"]
[SourceVersionDate "2023.09.30"]
[SourceQuality "1"]

1. d4 d5 2. c4 e6 3. Nf3 Nf6 4. Nc3 a6 5. e3 dxc4 6. a4 b6 7. Bxc4 Bb7 8. 0-0 Be7 9. Qe2 c5 10. Rd1 Qc7 11. e4 cxd4 12. Nxd4 Nc6 13. Be3 Bc5 14. Nxc6 Qxc6 15. Bd5 Qc7 16. Bxb7 Qxb7 17. Bxc5 bxc5 18. e5 Nd5 19. Ne4 0-0 20. Nxc5 Qc6 21. Rac1 Rfc8 22. Qe4 Qb6 23. Nd3 a5 24. g3 Qb3 25. Qd4 h6 26. Rxc8+ Rxc8 27. Rc1 Rxc1+ 28. Nxc1 Qc2 29. Nd3 Qd1+ 30. Kg2 Nb4 31. Qd8+ Kh7 32. Qxa5 Nxd3 33. Qc3 Qe2 34. Qd4 Ne1+ 35. Kh3 Qh5+ 36. Qh4 Qxe5 37. b4 f5 38. b5 g5 39. Qc4 g4+ 40. Kh4 Qf6+ 41. Kh5 Qg5# 0-1